| 000 | 00546nam a2200181 i 4500 | ||
|---|---|---|---|
| 001 | 146205 | ||
| 003 | ES-MaACL | ||
| 005 | 20230906201442.0 | ||
| 007 | t| | ||
| 008 | 070905s1972 sp ||||1| spa d | ||
| 245 | 0 | 0 |
_aTranstornos del aprendizaje del cálculo / _cDugas, Guillarme, Hasaerts; [traducido por Mª Helena Feliu]. |
| 250 | _a[1ª ed.]. | ||
| 260 |
_aBarcelona : _b[Fontanella], _c1972. |
||
| 300 |
_a206 p. ; _c23 cm. |
||
| 700 | 1 |
_aDugas. _945925 |
|
| 700 | 1 |
_aFeliu, Mª Helena. _949191 |
|
| 852 |
_aES-MaACL _jC-49384 _bR.84464 |
||
| 999 |
_c146205 _d146205 |
||